000 00707npc a2200205Ia 4500
001 dg32-1708 [d000001762]
003 IT-MiCISF
008 161014s9999||||xx | und||
040 _aIT-MiCISF
_cIT-MiCISF
041 _ait
100 _aAA.VV.
245 0 _aDieci anni di pubblicazioni sui diritti dei minori
_bMateriale bibliografico predisposto per il seminario "Minori: accoglienza e diritti", Milano 8.2.1992
250 _a1a ed.
260 _a Milano
_bCentro Internazionale Studi Famiglia
_c1992
300 _app. 15
500 _aCentro documentazione del CISF / infanzia, diritti-bambino, abuso-di-minore /
650 _aetà-evolutiva
942 _cDD
957 _71
999 _a1708
_bsi
_g1
_c207644
_d207644